000
00308nam a2200145Ia 4500
100
_a
Rangnekar Sharu
650
_a
COMMU.SKILLS
942
_c
BK
366
_f
20
245
_a
SOFT SKILLS MANAGENMENT
260
_b
Shroff Publ.
_a
Mumbai
_c
2011
082
_a
371.2/RAN
300
_a
130
546
_a
ENGLISH
999
_c
23869
_d
23869